De Quervainova choroba

Bibliographic Details
Main Authors: Kluka, Teodor (Author), Guzanin, Štefan (Author)
Format: Article
Language:Slovak
PhysicalDescription:Fotogr., obr.
ISSN:1335-0234
Subjects:

MARC

LEADER 00000nab a2200000 a 4500
001 vtls000763822
003 SK-MaSNL
005 20260304220417.0
015 |a SNBRB2001/07-22105 
035 |a CLN000115609 
035 |a urn:nbn:sk:snk-abm1c 
035 |a (urnnbn)urn:nbn:sk:snk:ar-a0568y 
035 |a (uuid)897e3486-144e-4ee9-82df-f4df8597a1d5 
040 |a SNKBUCL  |b slo  |c SNKBUCL  |e AACR2 
041 0 |a slo 
044 |a xo  |c SK 
080 |a 616.767  |2 1997 
100 1 |a Kluka, Teodor  |4 aut  |9 996197 
245 1 0 |a De Quervainova choroba  |c Teodor Kluka, Štefan Guzanin 
300 |b Fotogr., obr. 
504 |a Res. angl., nem., slov. 
504 |a Bibliogr. odkazy 
650 0 7 |a choroba De Quervainova  |2 snkbucl  |9 1551899 
650 0 7 |a tendovaginitída  |x zápästie  |2 snkbucl  |9 1551900 
650 0 7 |a zápästie  |2 snkbucl  |9 111356 
655 7 |a články z novín a časopisov  |2 snkbucl  |9 267496 
700 1 |a Guzanin, Štefan  |4 aut  |9 9756 
773 0 |t Slovenský lekár  |g Roč. 11 (25), č. 5-6 (2001), s. 204-206 a 209  |x 1335-0234 
850 |a Slovenská národná knižnica 
852 |a Slovenská národná knižnica 
954 |a odborná, vedecká literatúra pôvodná (slovenská)  |2 lita 
958 |a article27 
958 |a MI 
958 |a NB 
958 |a OND 
958 |a EUIPO 
992 |a RBX 
999 |c 3151921  |d 3153851